Řízení ve věcech daní, poplatků a odvodů

Enregistré dans:
Détails bibliographiques
Auteur principal: Chocholoušek, Aleš
Format: Livre
Langue:tchèque
Publié: Praha Panorama 1983
Collection:Zákony
Tags: Ajouter un tag
Pas de tags, Soyez le premier à ajouter un tag!

MARC

LEADER 00000nam a2200000 4500
001 c133331
005 20041019155257.8
041 0 |a cze 
044 |a CZ 
245 1 0 |a Řízení ve věcech daní, poplatků a odvodů  |c Aleš Chocholoušek a kol. 
264 1 |a Praha  |b Panorama  |c 1983 
300 |a 286 s. 
490 1 |a Zákony 
830 0 |a Zákony 
100 1 |a Chocholoušek, Aleš